Spell the Capital of Iceland - Statistics

General Stats
  • This quiz has been taken 343 times
  • The average score is 8 of 9
Answer Stats
Capital % Correct
R
100%
e
98%
y
92%
k
90%
a
85%
j
85%
v
84%
i
83%
k
82%
No matching quizzes found
Score Distribution
Percent of People with Each Score
Percentile by Number Answered
Your Score History
You have not taken this quiz